| 000 | 00699nam a22001935i 4500 | ||
|---|---|---|---|
| 001 | 48600 | ||
| 003 | ES-MaACL | ||
| 005 | 20230906161759.0 | ||
| 007 | t| | ||
| 008 | 950726s1885 fr ||||1| fre d | ||
| 040 |
_aCAM _bspa _cCAM |
||
| 100 | 1 |
_aDespois, Eugène. _943920 |
|
| 245 | 1 | 3 |
_aLe vandalisme révolutionnaire _b: fondations littéraires, scientifiques & artistiques de la Convention / _cpar Eugène Despois. |
| 250 |
_a2e éd. _bprécédé d'une lettre de l'auteur a Etienne Arago et d'une notice biographique... par Charles Bigot. |
||
| 260 |
_aParis : _bFélix Alcan, _c1885. |
||
| 300 |
_aXXIV, 324 p. ; _c19 cm. |
||
| 700 | 1 |
_aBigot, Charles. _928851 |
|
| 852 |
_aES-MaACL _jD-1481 |
||
| 999 |
_c48600 _d48600 |
||